Estadísticas para Países por Consumo de Petróleo

Haz click aquí para intentar la prueba.

Estadísticas generales

  • Esta prueba ha sido intentada 889 veces
  • La puntuación promedio es 19 de 21

Estadísticas de respuestas

barriles / díaPaís% Correcto
19.4 MEstados Unidos
100%
12.0 MChina
99%
1.93 MMéxico
98%
3.11 MRusia
98%
2.34 MAlemania
97%
3.16 MBrasil
97%
1.23 MEspaña
97%
1.61 MFrancia
96%
4.16 MIndia
96%
2.32 MCanadá
95%
1.26 MItalia
95%
4.15 MJapón
95%
1.56 MReino Unido
95%
1.00 MAustralia
92%
3.90 MArabia Saudita
87%
1.63 MIndonesia
87%
2.58 MCorea del Sur
85%
1.95 MIrán
82%
1.34 MTailandia
72%
1.03 MTaiwán
57%
1.34 MSingapur
42%

Distribución de puntuación

Porcentaje por número respondido

Porcentaje de gente con cada puntuación

Historial de tus puntuaciones

No has intentado esta prueba.